Taller de carne / basado en el trabajo de Gaetano Paltrinieri (Record no. 217103)
[ view plain ]
| 000 -CABECERA | |
|---|---|
| campo de control de longitud fija | 01031nam a2200289Ia 4500 |
| 001 - NÚMERO DE CONTROL | |
| campo de control | Z_6304 |
| 008 - DATOS DE LONGITUD FIJA--INFORMACIÓN GENERAL | |
| campo de control de longitud fija | 220601s9999 xx 000 0 und d |
| 020 ## - NÚMERO INTERNACIONAL ESTÁNDAR DEL LIBRO | |
| Número Internacional Estándar del Libro | 968-24-1109-2 |
| 082 ## - NÚMERO DE LA CLASIFICACIÓN DECIMAL DEWEY | |
| Número de clasificación | 664.902 T35 |
| 245 ## - MENCIÓN DE TÍTULO | |
| Título | Taller de carne / basado en el trabajo de Gaetano Paltrinieri |
| 260 ## - PUBLICACIÓN, DISTRIBUCIÓN, ETC. | |
| Lugar de publicación, distribución, etc. | México : Trillas |
| 300 ## - DESCRIPCIÓN FÍSICA | |
| Extensión | 78 p. |
| 440 ## - MENCIÓN DE SERIE/PUNTO DE ACCESO ADICIONAL--TÍTULO | |
| Título | Manuales para educación agropecuaria. Industrias rurales; 27 |
| 9 (RLIN) | 144418 |
| 500 ## - NOTA GENERAL | |
| Nota general | Basado en el trabajo de Geatano PaltrinieriEste manual ha sido elaborado dentro de un proyecto de cooperación técnica internacional de la DGETA, SEP, FAO y PUND. |
| 503 ## - NOTA DE HISTORIA BIBLIOGRÁFICA (BK CF MU) [OBSOLETO] | |
| Nota de historia bibliográfica | ej.1: C/E |
| 600 ## - PUNTO DE ACCESO ADICIONAL DE MATERIA--NOMBRE DE PERSONA | |
| Nombre de persona | |
| 650 #0 - PUNTO DE ACCESO ADICIONAL DE MATERIA--TÉRMINO DE MATERIA | |
| Término de materia o nombre geográfico como elemento de entrada | Carne |
| 9 (RLIN) | 149462 |
| 650 ## - PUNTO DE ACCESO ADICIONAL DE MATERIA--TÉRMINO DE MATERIA | |
| Término de materia o nombre geográfico como elemento de entrada | Industria y comercio de la carne |
| 9 (RLIN) | 138318 |
| 650 ## - PUNTO DE ACCESO ADICIONAL DE MATERIA--TÉRMINO DE MATERIA | |
| Término de materia o nombre geográfico como elemento de entrada | Mataderos -- Equipo y aparatos |
| 650 ## - PUNTO DE ACCESO ADICIONAL DE MATERIA--TÉRMINO DE MATERIA | |
| Término de materia o nombre geográfico como elemento de entrada | Estructuras e instalaciones agrarias |
| 9 (RLIN) | 143224 |
| 700 ## - PUNTO DE ACCESO ADICIONAL--NOMBRE DE PERSONA | |
| Nombre de persona | Paltrinieri, GaetanoÌ |
| 9 (RLIN) | 183491 |
| 901 ## - ELEMENTOS DE DATOS A LOCAL LDA (RLIN) | |
| a | 664.902 T35 |
| 902 ## - ELEMENTOS DE DATOS B LOCAL, LDB (RLIN) | |
| a | M |
| 905 ## - ELEMENTOS DE DATOS E LOCAL, LDE (RLIN) | |
| a | 523222reimp.1997 1981 mx a 8211113311spa16 |
| 942 ## - ELEMENTOS DE PUNTO DE ACCESO ADICIONAL (KOHA) | |
| Tipo de ítem Koha | Libro_ |
| Estado de retiro | Estado de pérdida | Estado dañado | No para préstamo | Localización permanente | Ubicación/localización actual | Ubicación en estantería | Fecha de adquisición | Total de préstamos | Código de barras | Fecha visto por última vez | Número de copia | Precio válido a partir de | Tipo de ítem Koha | Nota pública |
|---|---|---|---|---|---|---|---|---|---|---|---|---|---|---|
| Zootecnia | Zootecnia | 18/10/2012 | z_5896 | 02/06/2022 | 1 | 02/06/2022 | Libro | 2 |
